000 00966nam a22003137a 4500
001 000337
003 DO-SdBNP
005 20220606135441.0
007 000337
008 160630b 2009 sp xxu||| 00| 0 spa d
020 _a9788420423524
040 _aBPMSU
_bspa
_cBPMSU
082 _a891.73
_bN117c 2009
_222
100 1 _aNabokov, Vladimir,
_d1899-1977.
_k
245 1 0 _aCuentos completos /
_cNabokov ; traducción, María Lozano.
260 _aMadrid :
_bAlfaguara,
_c2009.
300 _a806 p. ;
_c25 cm
500 _aIncluye datos biográficos de la autor en la solapa de la cubierta.
500 _aEdición definitiva
534 _aTítulo original :
_tThe stories of Vladimir Nabokov.
590 _6Inventariado, 2022/VM
650 4 _aCuentos rusos.
650 4 _aCuentos de navidad
650 4 _aVenganza
_vCuentos.
_e
650 4 _aCuentos de terror.
700 1 2 _aLozano, María,
_etraductor
910 _aVMateoV.
942 _2ddc
_cBK
999 _c10636
_d10636